Superior's individual characteristics, organizational context, conflict handling styles and satisfaction with supervision /
Saved in:
| 主要作者: | |
|---|---|
| 格式: | Thesis 圖書 |
| 語言: | English |
| 出版: |
2006.
|
| 主題: | |
| 標簽: |
添加標簽
沒有標簽, 成為第一個標記此記錄!
|
| LEADER | 01205cam a2200301 a 4500 | ||
|---|---|---|---|
| 001 | u746791 | ||
| 003 | SIRSI | ||
| 005 | 200710051113 | ||
| 008 | 071005s2006 my t 000 0 eng m | ||
| 040 | |a UMK |d UMM | ||
| 043 | |a a-my--- | ||
| 090 | |a HF1008 |b UM 2006 Lee | ||
| 098 | |a HF1008 |b UM 2006 Lee | ||
| 100 | 1 | |a Lee, Kim Lian. | |
| 245 | 1 | 0 | |a Superior's individual characteristics, organizational context, conflict handling styles and satisfaction with supervision / |c Lee Kim Lian. |
| 260 | |c 2006. | ||
| 300 | |a iii, 116 leaves : |b ill. ; |c 30 cm. | ||
| 502 | |a Dissertation (M.B.A.) -- Fakulti Perniagaan dan Perakaunan, Universiti Malaya, 2006. | ||
| 504 | |a Bibliography: leaves 86-100. | ||
| 596 | |a 1 19 | ||
| 650 | 0 | |a Leadership. | |
| 650 | 0 | |a Conflict management |z Malaysia. | |
| 650 | 0 | |a Executive ability. | |
| 650 | 0 | |a Supervision of employees |z Malaysia. | |
| 710 | 2 | |a Universiti Malaya. |b Fakulti Perniagaan dan Perakaunan. | |
| 900 | |a SJMK-ZA | ||
| 999 | |a HF1008 UM 2006 LEE |w LC |c 1 |i A511798522 |d 22/7/2015 |e 22/7/2015 |f 2/11/2009 |g 1 |l STACKS |m P01UTAMA |n 1 |r Y |s Y |t TESIS |u 30/10/2009 | ||
| 999 | |a HF1008 UM 2006 LEE |w LC |c 1 |i A511798513 |d 7/11/2009 |f 7/11/2009 |g 1 |l STACKS |m P19KOTA |r Y |s Y |t TESIS |u 7/11/2009 | ||
